| 000 | 00807nmc a2200289 a 4500 | ||
|---|---|---|---|
| 003 | AR-BaBNM | ||
| 005 | 20251128205512.0 | ||
| 008 | 147119s1990 ||||||||||||||000 | spa|| | ||
| 020 | _a84-7774-856-X | ||
| 040 | _cAR-BaBNM | ||
| 100 | 1 | _aMoreno Cabrera, Juan Carlos | |
| 245 | 1 | 0 | _aLenguas del mundo |
| 260 |
_aMadrid _bVisor _c1990 |
||
| 300 | 0 |
_a179 p. _bmapas |
|
| 490 | 0 |
_aLingüística y conocimiento _vv. 6 |
|
| 500 | 0 | _aContiene referencias bibliográficas en p. 175 | |
| 500 | 0 | _aIndice de lenguas en p. 117 | |
| 650 | 4 | _aFILOLOGIA | |
| 650 | 4 | _aLINGUISTICA | |
| 650 | 4 | _aINVESTIGACION LINGUISTICA | |
| 650 | 4 | _aLENGUAJE | |
| 650 | 4 | _aLINGUISTICA COMPARATIVA Y DIACRONICA | |
| 650 | 4 | _aLENGUAS EXTRANJERAS | |
| 800 | 1 |
_aPiera, Carlos _edirector |
|
| 942 | _cBK | ||
| 998 | _cMARTIN | ||
| 999 |
_c11655 _d11655 |
||